Histoire des États-Unis - Statistiques

Statistiques générales
  • Ce quiz a été pris 149 fois
  • Le résultat moyen est 10 sur 15
Statistiques - réponses
Questions Réponses % Correct
Qui fut le premier président des États-Unis ? George Washington
98%
En quelle année a eu lieu l’attentat du 11 septembre, qui a marqué l’histoire américaine ? 2001
95%
Quel président américain a aboli l’esclavage en 1863 avec la Proclamation d’émancipation ? Abraham Lincoln
94%
Quel événement a poussé les États-Unis à entrer dans la Seconde Guerre mondiale en décembre 1941 ? Bombardement de Pearl Harbor
91%
Quel pays a apporté une aide militaire décisive aux colons américains lors de la guerre d’indépendance ? France
90%
Quelle ville fut le point d’arrivée de millions d’immigrants européens entre 1892 et 1954 ? Ellis Island (New York)
86%
Qui fut le premier Américain à marcher sur la Lune en 1969 ? Neil Armstrong
86%
Quel achat territorial de 1803 a doublé la superficie des États-Unis ? Louisiane
79%
Quel document, signé en 1776, proclame l’indépendance des États-Unis vis-à-vis de la Grande-Bretagne ? Déclaration d’Indépendance
77%
Quel président a dirigé les États-Unis pendant la guerre du Golfe (1991) ? George H.W. Bush
77%
Quel plan américain visait à reconstruire l’Europe après la Seconde Guerre mondiale pour contenir le communisme ? Plan Marshall
76%
Quel conflit de la Guerre froide a opposé les États-Unis à l’URSS et failli déclencher une guerre nucléaire en 1962 ? Crise des missiles de Cuba
32%
En quelle année les Pères pèlerins ont-ils débarqué en Amérique à bord du Mayflower ? 1620
31%
Quelle bataille de 1863 est considérée comme le tournant de la guerre de Sécession ? Gettysburg
31%
Quel événement a déclenché l’entrée des États-Unis dans la Première Guerre mondiale en 1917 ? Le télégramme Zimmermann
4%
Aucun quiz correspondant
Distribution des résultats
% des personnes avec chaque résultat
Percentile par nombre de réponses
Votre historique - résultats
Vous n’avez pas pris ce quiz